000 00417nam a2200181Ia 4500
001 10167
005 20260306161812.0
008 260306t1992||||xx |||||||||||||| ||spa||
041 _aESP
082 _a902
_bF54
100 _aFisas, Carlos
_eAUT
245 0 _aPalabras que tienen historia
260 _c1992
300 _a252 páginas :
_c21 cm.
650 _aGEN
654 _aCHU
942 _cLIB
_dJUS
_fJUS
_2ddc
_n
999 _c10167
_d10167